Instructor's manual to accompany Bernardin an experiential approach

Αποθηκεύτηκε σε:
Λεπτομέρειες βιβλιογραφικής εγγραφής
Κύριος συγγραφέας: Bernardin, H. John
Άλλοι συγγραφείς: Russell, Joyce E. A., Kudisch, Jeffrey D.
Μορφή: Βιβλίο
Γλώσσα:English
Δημοσίευση: New York : McGraw-Hill, 1993
Θέματα:
Ετικέτες: Προσθήκη ετικέτας
Δεν υπάρχουν, Καταχωρήστε ετικέτα πρώτοι!

MARC

LEADER 00000nam a2200000 i 4500
001 1/59923
008 980602s1993 eng d
020 |a 0070049173 
035 |l 10028624 
040 |a GR-MY-UA  |b gre  |e aacr 
041 0 |a eng 
082 0 |a 658.3 
100 1 |a Bernardin, H. John. 
245 1 0 |a Instructor's manual to accompany Bernardin/Russell human resource management :  |b an experiential approach /  |c H. J. Bernardin, Joyce E.A. Russell, Jeffrey D. Kudisch 
260 |a New York :   |b McGraw-Hill,   |c 1993 
300 |a 488 p. 
650 0 0 |a Personnel management. 
700 1 |a Russell, Joyce E. A. 
700 1 |a Kudisch, Jeffrey D. 
852 |a INST  |b CHIOS  |e 19980602  |h 658.3 BER  |p 005200016379  |q 005200016379  |t BK  |y 0 
901 |a BIBL-1998-2 
909 |a Χ  |b 056723 
922 |a 2ΕΛΗ  |b 199805  |c ΤΔΕ  |d ΠΑΠΑΣΩΤΗΡΙΟΥ